| 000 | 00612nam a22001817a 4500 | ||
|---|---|---|---|
| 005 | 20130819114230.0 | ||
| 010 | _aENG-107852 | ||
| 020 |
_a9789380831190 _c235.00 |
||
| 035 | _aEN-91385 | ||
| 037 | _bDBAD/PUB | ||
| 082 | _a540 | ||
| 100 | _aSuguna, M. | ||
| 245 |
_aA text book of university chemistry-I : _cby M. Suguna _bB.Sc (chemistry) / paper - I / |
||
| 260 |
_aHyderabad _bStudentshelpline Publishing House _c2012 |
||
| 270 |
_a326/C, Surneni Nilayam, near B K Guda Park, S.R. Nagar, _bHyderabad _e500038 |
||
| 300 |
_avarious pagings : _c22cm(pbk) _bill. |
||
| 942 |
_2ddc _cEN _mSUG _h540 |
||
| 999 |
_c77298 _d77298 |
||